00548nam a22001337a 4500008004100000082001800041245015900059260003700218300001000255710002400265942001200289999001500301952009800316230612b xxu||||| |||| 00| 0 eng d a352.4908bKEN a The Appropriation Accounts, Other Public Accounts Details Excluding Accounts of the Funds of the Republic of Kenya for the 2008/2009cGovernment of Kenya aKenyabGovernment of Kenyac2009 a590 p bGovernment of Kenya 2ddccBK c1124d1124 00102ddc4070a001b001d2023-06-12l0o352.4908 KENp100001577r2023-06-12w2023-06-12yBK